• 首页
  • 本馆介绍
  • 公告通知
  • 最新文献
  • 馆藏检索
  • 电子资源
  • 读者导购
  • 参考咨询
  • 我的图书馆
  • 登录
  • 详细信息显示
  • 放入我的书架
  • 预约/预借图书
  • 作者相关作品
  • 分类相关作品
  • 丛书相关作品
  • 出版社相关作品

书目信息

  • 表格格式
  • 工作单格式
  • 卡片格式
题名:
简明运动生物化学
    
 
作者: 张林 , 郑植友 编著
分册:  
出版信息: 北京   人民体育出版社  1990
页数: 320页
开本: 19cm
丛书名:
单 册:
中图分类: G804.7
科图分类: 39.912
主题词: 运动生物化学
电子资源:
ISBN: 7-5009-0630-7
000 00708nnam 2200241 45
001 0196011255
005 20070714101527.40
010    @a7-5009-0630-7@dCNY3.95
100    @a19950628d1990 y0chiy0121 ea
101 0  @achi
102    @aCN@b110000
105    @ay z 000yy
200 10 @a简明运动生物化学@AJIAN MING YUN DONG SHENG WU HUA XUE@f张 林,郑植友编著@FZHANG LIN , ZHENG ZHI YOU BIAN ZHU
210    @a北京@c人民体育出版社@d1990
215    @a320页@d19cm
517 1  @a生物化学@ASHENG WU HUA XUE
606    @a运动生物化学
690    @aG804.7
692    @a39.912
701  0 @a张林@AZHANG LIN@4编著
701  0 @a郑植友@AZHENG ZHI YOU@4编著
801  0 @aCN@bTSSF@c20070714
905    @a10447@dG804.7@e285
    
    简明运动生物化学/张 林,郑植友编著.-北京:人民体育出版社,1990
    320页;19cm
    
    
    ISBN 7-5009-0630-7:CNY3.95
    
●
相关链接 在E读中查询图书 在五车中查询图书 在当当中查询图书 在豆瓣中查询图书


正题名:简明运动生物化学     索取号:G804.7/285         预约/预借

序号 登录号 条形码 馆藏地/架位号 状态 备注
1 0768698   207686985   第一样本阅览室/ [索取号:G804.7/285] 在馆    
唐山师范学院图书馆 欢迎您!
大连网信软件有限公司© 版权所有